<?xml version="1.0" encoding="UTF-8"?>
<record
    xmlns:xsi="http://www.w3.org/2001/XMLSchema-instance"
    xsi:schemaLocation="http://www.loc.gov/MARC21/slim http://www.loc.gov/standards/marcxml/schema/MARC21slim.xsd"
    xmlns="http://www.loc.gov/MARC21/slim">

  <leader>01836nam a22003497a 4500</leader>
  <controlfield tag="003">NALT</controlfield>
  <controlfield tag="005">20231202073941.0</controlfield>
  <controlfield tag="008">170526b        th ||||| |||| 00| 0 tha d</controlfield>
  <datafield tag="020" ind1=" " ind2=" ">
    <subfield code="a">9786162870743</subfield>
  </datafield>
  <datafield tag="040" ind1=" " ind2=" ">
    <subfield code="a">NALT</subfield>
  </datafield>
  <datafield tag="041" ind1="1" ind2=" ">
    <subfield code="a">tha</subfield>
    <subfield code="h">eng</subfield>
  </datafield>
  <datafield tag="050" ind1=" " ind2=" ">
    <subfield code="a">HG 222.3</subfield>
    <subfield code="b">&#xE2D;886&#xE16; 2551</subfield>
  </datafield>
  <datafield tag="100" ind1="1" ind2=" ">
    <subfield code="a">&#xE40;&#xE2D;&#xE04;&#xE40;&#xE04;&#xE2D;&#xE23;&#xE4C;, &#xE17;&#xE35;. &#xE2E;&#xE32;&#xE23;&#xE4C;&#xE1F; </subfield>
    <subfield code="9">608</subfield>
  </datafield>
  <datafield tag="245" ind1="1" ind2="0">
    <subfield code="a">&#xE16;&#xE2D;&#xE14;&#xE23;&#xE2B;&#xE31;&#xE2A;&#xE25;&#xE31;&#xE1A;&#xE2A;&#xE21;&#xE2D;&#xE07;&#xE40;&#xE07;&#xE34;&#xE19;&#xE25;&#xE49;&#xE32;&#xE19; =</subfield>
    <subfield code="b">Secrets of the millionaire mind /</subfield>
    <subfield code="c">&#xE1C;&#xE39;&#xE49;&#xE40;&#xE02;&#xE35;&#xE22;&#xE19; T. Harv Eker ; &#xE1C;&#xE39;&#xE49;&#xE41;&#xE1B;&#xE25; &#xE1E;&#xE39;&#xE19;&#xE25;&#xE32;&#xE20; &#xE2D;&#xE38;&#xE17;&#xE31;&#xE22;&#xE40;&#xE25;&#xE34;&#xE28;&#xE2D;&#xE23;&#xE38;&#xE13;, &#xE1A;&#xE38;&#xE0D;&#xE28;&#xE23;&#xE35; &#xE28;&#xE23;&#xE35;&#xE1A;&#xE38;&#xE0D;&#xE23;&#xE31;&#xE15;&#xE19;&#xE0A;&#xE31;&#xE22;.</subfield>
  </datafield>
  <datafield tag="246" ind1="3" ind2="1">
    <subfield code="a">Secrets of the millionaire mind.</subfield>
  </datafield>
  <datafield tag="250" ind1=" " ind2=" ">
    <subfield code="a">&#xE1E;&#xE34;&#xE21;&#xE1E;&#xE4C;&#xE04;&#xE23;&#xE31;&#xE49;&#xE07;&#xE41;&#xE23;&#xE01;</subfield>
  </datafield>
  <datafield tag="260" ind1=" " ind2=" ">
    <subfield code="a">&#xE01;&#xE23;&#xE38;&#xE07;&#xE40;&#xE17;&#xE1E;&#xE2F; :</subfield>
    <subfield code="b">&#xE27;&#xE35;&#xE40;&#xE25;&#xE34;&#xE23;&#xE4C;&#xE19;,</subfield>
    <subfield code="c">[2551?].</subfield>
  </datafield>
  <datafield tag="300" ind1=" " ind2=" ">
    <subfield code="a">231 &#xE2B;&#xE19;&#xE49;&#xE32; ;</subfield>
    <subfield code="c">21 &#xE0B;&#xE21;.</subfield>
  </datafield>
  <datafield tag="500" ind1=" " ind2=" ">
    <subfield code="a">&#xE1E;&#xE34;&#xE21;&#xE1E;&#xE4C;&#xE04;&#xE23;&#xE31;&#xE49;&#xE07;&#xE41;&#xE23;&#xE01;&#xE20;&#xE32;&#xE22;&#xE43;&#xE15;&#xE49;&#xE0A;&#xE37;&#xE48;&#xE2D; "&#xE44;&#xE02;&#xE04;&#xE27;&#xE32;&#xE21;&#xE25;&#xE31;&#xE1A;&#xE2A;&#xE21;&#xE2D;&#xE07;&#xE40;&#xE07;&#xE34;&#xE19;&#xE25;&#xE49;&#xE32;&#xE19;"</subfield>
  </datafield>
  <datafield tag="650" ind1=" " ind2="0">
    <subfield code="a">&#xE04;&#xE27;&#xE32;&#xE21;&#xE04;&#xE34;&#xE14;&#xE41;&#xE25;&#xE30;&#xE01;&#xE32;&#xE23;&#xE04;&#xE34;&#xE14;</subfield>
    <subfield code="9">5844</subfield>
  </datafield>
  <datafield tag="650" ind1=" " ind2="4">
    <subfield code="a">&#xE40;&#xE07;&#xE34;&#xE19;&#xE15;&#xE23;&#xE32; </subfield>
    <subfield code="x">&#xE41;&#xE07;&#xE48;&#xE08;&#xE34;&#xE15;&#xE27;&#xE34;&#xE17;&#xE22;&#xE32;    </subfield>
    <subfield code="9">46596</subfield>
  </datafield>
  <datafield tag="650" ind1=" " ind2="4">
    <subfield code="a">&#xE04;&#xE27;&#xE32;&#xE21;&#xE21;&#xE31;&#xE48;&#xE07;&#xE04;&#xE31;&#xE48;&#xE07;</subfield>
    <subfield code="x">&#xE41;&#xE07;&#xE48;&#xE08;&#xE34;&#xE15;&#xE27;&#xE34;&#xE17;&#xE22;&#xE32;</subfield>
    <subfield code="9">52126</subfield>
  </datafield>
  <datafield tag="650" ind1=" " ind2="4">
    <subfield code="a">&#xE19;&#xE32;&#xE22;&#xE17;&#xE38;&#xE19;</subfield>
    <subfield code="x">&#xE08;&#xE34;&#xE15;&#xE27;&#xE34;&#xE17;&#xE22;&#xE32;</subfield>
    <subfield code="9">609</subfield>
  </datafield>
  <datafield tag="650" ind1=" " ind2="4">
    <subfield code="a">&#xE04;&#xE27;&#xE32;&#xE21;&#xE2A;&#xE33;&#xE40;&#xE23;&#xE47;&#xE08;&#xE17;&#xE32;&#xE07;&#xE18;&#xE38;&#xE23;&#xE01;&#xE34;&#xE08;</subfield>
    <subfield code="9">6209</subfield>
  </datafield>
  <datafield tag="650" ind1=" " ind2="4">
    <subfield code="a">&#xE01;&#xE32;&#xE23;&#xE14;&#xE33;&#xE40;&#xE19;&#xE34;&#xE19;&#xE0A;&#xE35;&#xE27;&#xE34;&#xE15;</subfield>
    <subfield code="9">4418</subfield>
  </datafield>
  <datafield tag="700" ind1="1" ind2=" ">
    <subfield code="a">Eker, T. Harv </subfield>
    <subfield code="9">615</subfield>
  </datafield>
  <datafield tag="700" ind1="0" ind2=" ">
    <subfield code="a">&#xE1E;&#xE39;&#xE19;&#xE25;&#xE32;&#xE20; &#xE2D;&#xE38;&#xE17;&#xE31;&#xE22;&#xE40;&#xE25;&#xE34;&#xE28;&#xE2D;&#xE23;&#xE38;&#xE13;</subfield>
    <subfield code="9">616</subfield>
  </datafield>
  <datafield tag="700" ind1="0" ind2=" ">
    <subfield code="a">&#xE1A;&#xE38;&#xE0D;&#xE28;&#xE23;&#xE35; &#xE28;&#xE23;&#xE35;&#xE1A;&#xE38;&#xE0D;&#xE23;&#xE31;&#xE15;&#xE19;&#xE0A;&#xE31;&#xE22;</subfield>
    <subfield code="9">617</subfield>
  </datafield>
  <datafield tag="850" ind1=" " ind2=" ">
    <subfield code="a">NALT</subfield>
  </datafield>
  <datafield tag="942" ind1=" " ind2=" ">
    <subfield code="2">lcc</subfield>
    <subfield code="c">GB</subfield>
  </datafield>
  <datafield tag="998" ind1=" " ind2=" ">
    <subfield code="c">phon</subfield>
    <subfield code="a">phon</subfield>
    <subfield code="b">phon</subfield>
    <subfield code="j"></subfield>
    <subfield code="k">CRON CRON</subfield>
  </datafield>
  <datafield tag="999" ind1=" " ind2=" ">
    <subfield code="c">92456</subfield>
    <subfield code="d">92456</subfield>
  </datafield>
  <datafield tag="952" ind1=" " ind2=" ">
    <subfield code="0">0</subfield>
    <subfield code="1">0</subfield>
    <subfield code="2">lcc</subfield>
    <subfield code="4">0</subfield>
    <subfield code="7">0</subfield>
    <subfield code="8">CGBL</subfield>
    <subfield code="a">NALT</subfield>
    <subfield code="b">NALT</subfield>
    <subfield code="d">2017-05-26</subfield>
    <subfield code="l">5</subfield>
    <subfield code="m">4</subfield>
    <subfield code="o">HG 222.3 &#xE2D;886&#xE16; 2551</subfield>
    <subfield code="p">3961206292</subfield>
    <subfield code="r">2023-08-03 00:00:00</subfield>
    <subfield code="s">2023-07-18</subfield>
    <subfield code="w">2017-05-26</subfield>
    <subfield code="y">GB</subfield>
  </datafield>
</record>
